00470nam a2200145Ia 4500008004100000020001800041041000800059082001500067100003000082245012500112250000600237260003900243300001200282650003000294210716s2009 xx 000 0 und d a9788131727362 aeng a658.3 LEPD aLepak, David;Gowan, Mary. aHuman resources management: managing employees for competitive advantage.bManaging employees for competitive advantage. a1 aNew DelhibPearson Educationc2009 axxv,486 aHuman Resource Management